Six Word Taylor Swift Songs - Statistics

General Stats
  • This quiz has been taken 321 times
  • The average score is 3 of 5
Answer Stats
Hint Answer % Correct
Reputation Look What You Made Me Do
82%
Lover Miss Americana And The Heartbreak Prince
79%
Lover It's Nice To Have A Friend
74%
Fearless The Other Side Of The Door
57%
Red I Bet You Think About Me
52%
No matching quizzes found
Score Distribution
Percent of People with Each Score
Percentile by Number Answered
Your Score History
You have not taken this quiz